| 000 | 00599nam a2200229Ia 4500 | ||
|---|---|---|---|
| 003 | OSt | ||
| 005 | 20220918212641.0 | ||
| 006 | a|||||r|||| 00| 0 | ||
| 007 | ta | ||
| 008 | 220917b |||||||| |||| 00| 0 eng d | ||
| 024 | _a129,607 | ||
| 037 | _cTextual | ||
| 040 |
_aARTS _cARTS _beng |
||
| 041 |
_2eng _aeng |
||
| 082 | _aX:2717.1TH, M1 | ||
| 100 |
_aFritz M _9124389 |
||
| 245 | 0 | _aFuture energy consumption of the third world | |
| 260 |
_aOxford _bPergamon _c1981 |
||
| 650 | _aECONOMICS | ||
| 942 |
_hX:2717.1TH, M1 _cTEXL _2CC |
||
| 999 |
_c252734 _d252734 |
||